01021cam a2200289 a 45000010009000000050017000090080041000260100017000670200046000840400018001300420008001480430012001560500024001680820017001921000022002092450121002312500012003522600047003643000038004115040064004496000040005136000033005536000023005866500041006096500036006506510045006861672182220170105102920.0110405s2011 dcuab b 001 0 eng  a 2011014001 a9788182746015(hardcover : acidfree paper) aDLCcDLCdDLC apcc aa-pk---00aJA85.2.P3bF37 201100a954.91052221 aFarwell, James P.14aThe Pakistan cauldron :bconspiracy, assassination & instability /cJames P. Farwell ; foreword by Joseph D. Duffey. a1st ed. aWashington, D.C. :bPotomac Books,cc2011. axx, 331 p. :bill., map ;c24 cm. aIncludes bibliographical references (p. 319-322) and index.10aKhan, A. Q.q(Abdul Qadeer),d1936-10aBhutto, Benazir,d1953-2007.10aMusharraf, Pervez. 0aCommunication in politicszPakistan. 0aPolitical leadershipzPakistan. 0aPakistanxPolitics and governmenty1988-